Statistics for Countries with Highest Alzheimer's Death Rates

Click here to take the quiz!

General Stats

  • This quiz has been taken 79 times
  • The average score is 8 of 10

Answer Stats

RateCountry% Correct
45.58United States
97%
35.50Canada
89%
32.41Sweden
79%
29.53Denmark
76%
30.24Norway
76%
53.77Finland
75%
34.08Iceland
75%
29.32Netherlands
68%
27.23Belgium
60%
32.25Switzerland
57%

Score Distribution

Percentile by Number Answered

Percent of People with Each Score

Your Score History

You have not taken this quiz